| Tag |
First Indicator |
Second Indicator |
Subfields |
| LEADER |
00000cam a2200000I 4500 |
| 001 |
in00000450666 |
| 005 |
20231006171812.0 |
| 008 |
740522s1958 enka b 000 0 eng d |
| 010 |
|
|
|a 58059964
|
| 016 |
|
|
|a (AMICUS)000004425698
|
| 019 |
|
|
|a 252458
|a 83434447
|a 153820565
|a 1017446813
|a 1033010917
|a 1080660541
|a 1120815843
|a 1160081161
|a 1170516453
|a 1200058068
|a 1221976881
|
| 029 |
1 |
|
|a AU@
|b 000002560768
|
| 029 |
1 |
|
|a AU@
|b 000025025164
|
| 029 |
1 |
|
|a AU@
|b 000026861023
|
| 029 |
1 |
|
|a AU@
|b 000055579101
|
| 029 |
1 |
|
|a DEBSZ
|b 058269002
|
| 029 |
1 |
|
|a GBVCP
|b 195809386
|
| 029 |
1 |
|
|a GBVCP
|b 197072119
|
| 029 |
1 |
|
|a NZ1
|b 14095475
|
| 029 |
1 |
|
|a NZ1
|b 3730070
|
| 029 |
1 |
|
|a NZ1
|b 515491
|
| 029 |
1 |
|
|a UKBRU
|b 123197
|
| 029 |
1 |
|
|a UNITY
|b 004194373
|
| 029 |
1 |
|
|a UNITY
|b 060001984
|
| 029 |
1 |
|
|a UNITY
|b 069062595
|
| 029 |
1 |
|
|a UNITY
|b 114529418
|
| 029 |
1 |
|
|a UNITY
|b 133371336
|
| 029 |
1 |
|
|a NLC
|b 000004425698
|
| 035 |
|
|
|a (OCoLC)ocm00893302
|
| 035 |
|
|
|a (OCoLC)893302
|z (OCoLC)252458
|z (OCoLC)83434447
|z (OCoLC)153820565
|z (OCoLC)1017446813
|z (OCoLC)1033010917
|z (OCoLC)1080660541
|z (OCoLC)1120815843
|z (OCoLC)1160081161
|z (OCoLC)1170516453
|z (OCoLC)1200058068
|z (OCoLC)1221976881
|
| 035 |
|
|
|a (OCoLC)ocm00893302
|
| 040 |
|
|
|a WOO
|b eng
|c WOO
|d WSU
|d SER
|d IXA
|d OCLCQ
|d NLGGC
|d LVB
|d OCLCG
|d DRB
|d OCLCG
|d AU@
|d NIALS
|d EDX
|d OCLCQ
|d EUM
|d OCLCQ
|d NZ1
|d B9K
|d BTCTA
|d OCLCO
|d OCLCF
|d NLC
|d OCLCQ
|d TFW
|d OCLCQ
|d CPO
|d OCLCO
|d OCL
|
| 043 |
|
|
|a e-uk---
|
| 050 |
0 |
0 |
|a HF3505.4
|b .T3
|
| 055 |
|
0 |
|a HF3505.4.T3
|
| 082 |
0 |
0 |
|a 382
|
| 084 |
|
|
|a 15.70
|2 bcl
|
| 100 |
1 |
|
|a Tawney, R. H.
|q (Richard Henry),
|d 1880-1962.
|
| 245 |
1 |
0 |
|a Business and politics under James I;
|b Lionel Cranfield as merchant and minister,
|c by R.H. Tawney.
|
| 260 |
|
|
|a Cambridge [England]
|b University Press,
|c 1958.
|
| 300 |
|
|
|a xii, 324 pages
|b illustrations
|c 23 cm
|
| 336 |
|
|
|a text
|b txt
|2 rdacontent
|
| 337 |
|
|
|a unmediated
|b n
|2 rdamedia
|
| 338 |
|
|
|a volume
|b nc
|2 rdacarrier
|
| 504 |
|
|
|a Includes bibliographical references.
|
| 600 |
1 |
0 |
|a Middlesex, Lionel Cranfield,
|c Earl of,
|d 1575-1645.
|
| 651 |
|
0 |
|a Great Britain
|x Commerce.
|
| 650 |
|
0 |
|a Merchants
|z Great Britain
|v Biography.
|
| 650 |
|
0 |
|a Statesmen
|z Great Britain
|v Biography.
|
| 600 |
1 |
4 |
|a Middlesex, Lionel Cranfield,
|c 1st Earl of,
|d 1575-1645
|y 1575-1645.
|
| 600 |
1 |
6 |
|a Middlesex, Lionel Cranfield,
|c Earl of,
|d 1575-1645.
|
| 650 |
|
6 |
|a Commerçants
|z Grande-Bretagne
|v Biographies.
|
| 650 |
|
6 |
|a Hommes d'État
|z Grande-Bretagne
|v Biographies.
|
| 600 |
1 |
7 |
|a Middlesex, Lionel Cranfield,
|c Earl of,
|d 1575-1645.
|2 fast
|0 (OCoLC)fst00355133
|
| 650 |
|
7 |
|a Statesmen.
|2 fast
|0 (OCoLC)fst01131990
|
| 650 |
|
7 |
|a Merchants.
|2 fast
|0 (OCoLC)fst01017057
|
| 650 |
|
7 |
|a Commerce.
|2 fast
|0 (OCoLC)fst00869279
|
| 651 |
|
7 |
|a Great Britain.
|2 fast
|0 (OCoLC)fst01204623
|
| 650 |
1 |
7 |
|a Economische politiek.
|2 gtt
|
| 655 |
|
7 |
|a Biographies.
|2 fast
|0 (OCoLC)fst01919896
|
| 776 |
0 |
8 |
|i Online version:
|a Tawney, R. H. (Richard Henry), 1880-1962.
|t Business and politics under James I.
|d Cambridge [England] University Press, 1958
|w (OCoLC)1242015806
|
| 938 |
|
|
|a Baker and Taylor
|b BTCP
|n BK0010207783
|
| 948 |
|
|
|h HELD BY TXA - 465 OTHER HOLDINGS
|
| 994 |
|
|
|a Z0
|b TXA
|
| 999 |
f |
f |
|s 866cabbc-f4af-30e6-84e0-bd526019fccd
|i a5345c17-7734-3bca-bde6-1e0ddc229aeb
|t 0
|
| 952 |
f |
f |
|p ric
|a Texas A&M University
|b Rellis Campus
|c Joint Library Facility
|d Remote Storage
|t 0
|e HF3505.4 .T3
|h Library of Congress classification
|i unmediated -- volume
|m A14800875127
|
| 998 |
f |
f |
|a HF3505.4 .T3
|t 0
|l Remote Storage
|